Turbulence a chaos.
Turbulencia a chaos majú svoje matematické teórie, avšak obidva výrazy sa používajú aj v riadení. Využitie v manažérskej praxi. Pripustenie rôznych kombinácií riešenia, čo umožní získať výhodu voči konkurentom.
Gespeichert in:
| 1. Verfasser: | |
|---|---|
| Format: | Buchkapitel |
| Sprache: | Tschechisch |
| Schlagworte: | |
| Tags: |
Keine Tags, Fügen Sie das erste Tag hinzu!
|
MARC
| LEADER | 00000naa a2200000 4500 | ||
|---|---|---|---|
| 001 | r012726 | ||
| 005 | 20220826093750.9 | ||
| 041 | 0 | |a cze | |
| 044 | |a CZ | ||
| 245 | 1 | 0 | |a Turbulence a chaos. |c J. Jirásek |
| 520 | |a Turbulencia a chaos majú svoje matematické teórie, avšak obidva výrazy sa používajú aj v riadení. Využitie v manažérskej praxi. Pripustenie rôznych kombinácií riešenia, čo umožní získať výhodu voči konkurentom. | ||
| 610 | 2 | 0 | |a manažment |
| 610 | 2 | 0 | |a manažéri |
| 610 | 2 | 0 | |a konkurencia |
| 610 | 2 | 0 | |a USA |
| 100 | 1 | |a Jirásek, J. | |